Представление документа в формате MARC21

Поле Инд. ПП Название Значение
Тип записи a
Библиографический уровень a
001 Контрольный номер eda97a17714e4d95aeea3a7fa9c50c17
005 Дата корректировки 20241224152727.6
020 a ISBN 978-5-7995-1350-4
041 0_ a Код языка текста rus
080 a Индекс УДК 378.37
097 b Оператор *Плё*
100 1_ a Автор Крючкова А.В.
245 10 a Заглавие Особенности воспитательной деятельности в современной высшей школе
b Продолж. заглавия статья
p Название части/ раздела Текст : электронный
520 0_ a Аннотация Представлены особенности воспитательной работы в современной высшей школе. Авторы изучили на основе разработанной ими анкеты эффективность наставничества (кураторства). Отмечено, что проблемы, связанные с отсутствием навыков учебной деятельности, 84 самостоятельности и инициативности, на первых курсах мешают усвоению учебного материала и успеваемости студентов. Сделан вывод, что наставничество – одна из воспитательных технологий в вузах, которая способна решить данные проблемы.
653 0_ a Ключевые слова Воспитательная работа
a Ключевые слова Студенты
a Ключевые слова Наставничество
700 12 a Другие авторы Семынина Н.М.
700 12 a Другие авторы Панина О.А.
773 18 w Контрольный № источника 9822ff8ddc524d69a02bf684fd804d35
t Название источника Актуальные проблемы качества образования в высшей школе
d Место и дата издания Тверь : ТвГТУ, 2024
g Прочая информация С. 83-86
900 a Имя макрообъекта 001-000161141-000000000-0000-0000-01
901 t Тип документа a
950 a Редактор записи вш
951 i EL-ТГТУ? да